[Event "10. Open Internacional de Galapagar"]
[Site "Galapagar ESP"]
[Date "2009.07.24"]
[Round "7.14"]
[White "Cerrato Torrijos, Maria"]
[Black "Semprun Martinez, Fernando"]
[Result "0-1"]
[WhiteElo "1992"]
[BlackElo "2179"]
[PlyCount "98"]
[EventDate "2009.07.18"]
[EventType "swiss"]
[EventRounds "9"]
[EventCountry "ESP"]
[Source "lmi"]
[SourceDate "2009.07.18"]

1. e4 c5 2. Nf3 Nc6 3. d4 cxd4 4. Nxd4 g6 5. Nc3 Bg7 6. Be3 Nf6 7. Bc4 O-O 8.
Bb3 a5 9. a4 Ng4 10. Qxg4 Nxd4 11. Qd1 Nxb3 12. cxb3 d6 13. O-O Be6 14. f4 f5
15. exf5 gxf5 16. Rf2 Qe8 17. Nd5 Qf7 18. Nc7 Bxb3 19. Qd2 Rac8 20. Qxa5 Qc4
21. Nb5 Ra8 22. Qc7 Qe4 23. Bd2 Rfc8 24. Qb6 Ra6 25. Qe3 Qxe3 26. Bxe3 Bxa4 27.
Nd4 Bd7 28. Rxa6 bxa6 29. Rf1 Rc4 30. Rd1 Kf7 31. Kf2 e5 32. Ne2 Ke6 33. g3 a5
34. Nc3 Bc6 35. Bb6 Rb4 36. Bxa5 Rxb2+ 37. Ne2 Bb5 38. Rd2 Rxd2 39. Bxd2 Bxe2
40. Kxe2 e4 41. h3 h5 42. Ba5 d5 43. Bb6 d4 44. Kf2 Kd5 45. g4 fxg4 46. hxg4
hxg4 47. Kg3 e3 48. Kxg4 Ke4 49. Kg3 d3 0-1

[Event "10. Open Internacional de Galapagar"]
[Site "Galapagar ESP"]
[Date "2009.07.24"]
[Round "7.15"]
[White "Sanchez Delgado, Lidia"]
[Black "Salcedo Tornero, Pablo"]
[Result "1/2-1/2"]
[WhiteElo "2006"]
[BlackElo "2163"]
[PlyCount "69"]
[EventDate "2009.07.18"]
[EventType "swiss"]
[EventRounds "9"]
[EventCountry "ESP"]
[Source "lmi"]
[SourceDate "2009.07.18"]

1. e4 d6 2. d4 Nf6 3. Nc3 g6 4. f3 Bg7 5. Be3 c6 6. Qd2 b5 7. h4 h5 8. a4 b4 9.
Nd1 a5 10. Nh3 Na6 11. Ndf2 Qc7 12. Ng5 Bd7 13. Bc4 d5 14. Bb3 e6 15. e5 Ng8
16. Nd3 Nh6 17. Bf2 Bc8 18. Qf4 Bb7 19. g4 O-O-O 20. O-O-O Qe7 21. Rde1 Rdf8
22. Qg3 Ng8 23. Nf4 Nc7 24. Kb1 Ba6 25. gxh5 gxh5 26. Ngh3 Ne8 27. Rhg1 Nh6 28.
Nxh5 Nf5 29. Qg4 Bh6 30. Ng5 Rfg8 31. f4 Bf8 32. Rh1 Rg6 33. Ng3 Neg7 34. Nxf5
Nxf5 35. Rh3 1/2-1/2

[Event "10. Open Internacional de Galapagar"]
[Site "Galapagar ESP"]
[Date "2009.07.24"]
[Round "7.16"]
[White "Lorite Cruz, Francisco"]
[Black "Camarero Izquierdo, Juan Carlos"]
[Result "1-0"]
[WhiteElo "2084"]
[BlackElo "1950"]
[PlyCount "73"]
[EventDate "2009.07.18"]
[EventType "swiss"]
[EventRounds "9"]
[EventCountry "ESP"]
[Source "lmi"]
[SourceDate "2009.07.18"]

1. e4 c5 2. f4 d6 3. Nf3 g6 4. Bb5+ Bd7 5. Bxd7+ Qxd7 6. O-O Bg7 7. d3 Nf6 8.
Qe1 O-O 9. Nc3 b5 10. Nd1 Nc6 11. c3 a5 12. d4 cxd4 13. cxd4 Nb4 14. Qe2 Rac8
15. Nc3 Rc4 16. a4 Rfc8 17. axb5 Qa7 18. Kh1 Ng4 19. Nd2 Nc2 20. b6 Qd7 21.
Nxc4 Nxa1 22. h3 Nf6 23. Nxa5 Nh5 24. Kh2 Bxd4 25. b7 Rb8 26. Qa6 Nc2 27. Nd5
Nf6 28. Qa8 Qe8 29. Nxe7+ Kg7 30. Qxb8 Qb5 31. Rf3 Qxa5 32. Nf5+ gxf5 33. Rg3+
Ng4+ 34. hxg4 Bf2 35. Qxd6 Bxg3+ 36. Kh3 h5 37. g5 1-0

[Event "10. Open Internacional de Galapagar"]
[Site "Galapagar ESP"]
[Date "2009.07.24"]
[Round "7.17"]
[White "Avendano Mateos, Jose"]
[Black "Rodriguez de Castro, Ayar"]
[Result "1/2-1/2"]
[WhiteElo "1925"]
[BlackElo "2084"]
[PlyCount "40"]
[EventDate "2009.07.18"]
[EventType "swiss"]
[EventRounds "9"]
[EventCountry "ESP"]
[Source "lmi"]
[SourceDate "2009.07.18"]

1. d4 d5 2. Nf3 Nf6 3. Bf4 e6 4. e3 Be7 5. Bd3 Nbd7 6. Nbd2 Nh5 7. Be5 Nxe5 8.
Nxe5 Nf6 9. O-O Bd7 10. f4 c5 11. c3 Qb6 12. Nxd7 Nxd7 13. Rb1 f5 14. Nf3 O-O
15. Ne5 Rad8 16. Nxd7 Rxd7 17. Rf3 Kf7 18. Rh3 Rh8 19. g4 g6 20. Kh1 Qc6
1/2-1/2

[Event "10. Open Internacional de Galapagar"]
[Site "Galapagar ESP"]
[Date "2009.07.24"]
[Round "7.18"]
[White "Sanchez Alarcos Galian, Victor"]
[Black "Pareja Alvarez, Diego"]
[Result "1-0"]
[WhiteElo "2146"]
[BlackElo "1906"]
[PlyCount "55"]
[EventDate "2009.07.18"]
[EventType "swiss"]
[EventRounds "9"]
[EventCountry "ESP"]
[Source "lmi"]
[SourceDate "2009.07.18"]

1. e4 c6 2. d4 d5 3. Nc3 dxe4 4. Nxe4 Bf5 5. Ng3 Bg6 6. Nh3 h6 7. Nf4 Bh7 8.
Bc4 Nf6 9. O-O g6 10. c3 Bg7 11. Qb3 O-O 12. Qxb7 Nbd7 13. Re1 Ne8 14. Ne6 Qc8
15. Qxc8 Rxc8 16. Nxf8 Bxf8 17. h4 Nd6 18. Bb3 e6 19. Rxe6 fxe6 20. Bxe6+ Kg7
21. Bxd7 Rc7 22. Bg4 h5 23. Bf3 Nf7 24. Ne4 Bg8 25. Bf4 Rb7 26. b3 Nd8 27. Be5+
Kh6 28. Re1 1-0

[Event "10. Open Internacional de Galapagar"]
[Site "Galapagar ESP"]
[Date "2009.07.24"]
[Round "7.19"]
[White "Moreno Rodriguez, Jose M"]
[Black "Martin Duque, Jesus"]
[Result "0-1"]
[WhiteElo "2058"]
[BlackElo "1930"]
[PlyCount "140"]
[EventDate "2009.07.18"]
[EventType "swiss"]
[EventRounds "9"]
[EventCountry "ESP"]
[Source "lmi"]
[SourceDate "2009.07.18"]

1. c4 e6 2. Nc3 d5 3. cxd5 exd5 4. e3 Nf6 5. Nf3 c6 6. d4 Be7 7. Bd3 O-O 8. Qc2
Re8 9. O-O Nbd7 10. a3 Nf8 11. b4 a6 12. Bd2 Be6 13. Rfb1 Rc8 14. Na4 b5 15.
Nc5 Bxc5 16. bxc5 a5 17. Ne5 g6 18. Qc3 a4 19. Qc2 Ne4 20. Nxc6 Rxc6 21. Bxb5
Bd7 22. Bxc6 Bxc6 23. Rb6 Qc8 24. Rab1 Nd7 25. R6b2 Qd8 26. f3 Nxd2 27. Qxd2
Qe7 28. Re1 f5 29. Rbb1 Qg5 30. Kf1 Qh6 31. Kg1 Qg5 32. Rb2 Qe7 33. Kf1 Qh4 34.
g3 Qe7 35. Kf2 Qf8 36. Re2 Kh8 37. Qa5 Qf6 38. Qc7 h5 39. h4 Kg8 40. Rec2 Re6
41. f4 Qe7 42. Rc3 Kf7 43. Rb4 Kg7 44. Qa7 Kf7 45. Kf3 Kg7 46. Kf2 Kf7 47. Rb2
Kg7 48. Qc7 Kf7 49. Rb4 Kf8 50. Rb6 Nxb6 51. cxb6 Qd7 52. Rc5 Ke7 53. Qb8 Rd6
54. Ra5 Qd8 55. Ra7+ Ke6 56. Qc7 Qxc7 57. Rxc7 Bd7 58. Rb7 Rc6 59. Ke2 Rc8 60.
Kd2 Kd6 61. Ra7 Rb8 62. b7 Kc7 63. Kc2 Rxb7 64. Ra8 Rb3 65. Rg8 Rxa3 66. Kb2
Rxe3 67. Rxg6 a3+ 68. Ka1 Bb5 69. Rg7+ Kb6 70. Rg5 Bc4 0-1

[Event "10. Open Internacional de Galapagar"]
[Site "Galapagar ESP"]
[Date "2009.07.24"]
[Round "7.20"]
[White "Olias Munoz, Francisco"]
[Black "Toranzo Fernandez, Dionisio"]
[Result "1-0"]
[WhiteElo "1929"]
[BlackElo "2045"]
[PlyCount "59"]
[EventDate "2009.07.18"]
[EventType "swiss"]
[EventRounds "9"]
[EventCountry "ESP"]
[Source "lmi"]
[SourceDate "2009.07.18"]

1. e4 c6 2. d4 d5 3. exd5 cxd5 4. c4 Nf6 5. Nc3 e6 6. Nf3 Be7 7. c5 O-O 8. Bd3
b6 9. b4 a5 10. Na4 Nbd7 11. a3 axb4 12. axb4 bxc5 13. bxc5 e5 14. Nxe5 Nxe5
15. dxe5 Nd7 16. Bb2 Nxc5 17. Nxc5 Rxa1 18. Qxa1 Bxc5 19. O-O Qb6 20. Ba3 Bxa3
21. Qxa3 Qd4 22. Bxh7+ Kxh7 23. Qxf8 Ba6 24. Rb1 Bd3 25. Qb4 Qxe5 26. Re1 Qf6
27. Qe7 Qf5 28. Re3 g6 29. Qh4+ Kg7 30. Qd4+ 1-0

[Event "10. Open Internacional de Galapagar"]
[Site "Galapagar ESP"]
[Date "2009.07.24"]
[Round "7.22"]
[White "Collado Barbas, Alberto"]
[Black "Fernandez Garcia, Javier"]
[Result "1-0"]
[WhiteElo "1986"]
[BlackElo "1923"]
[PlyCount "61"]
[EventDate "2009.07.18"]
[EventType "swiss"]
[EventRounds "9"]
[EventCountry "ESP"]
[Source "lmi"]
[SourceDate "2009.07.18"]

1. d4 e6 2. Nf3 d5 3. c4 c6 4. e3 Nf6 5. Nbd2 Nbd7 6. b3 Bd6 7. Bb2 O-O 8. Bd3
b6 9. Ne5 Bb7 10. Nxd7 Qxd7 11. O-O Qe7 12. Rc1 Rac8 13. c5 Bb8 14. f4 Nd7 15.
Nf3 f5 16. Ne5 Bxe5 17. fxe5 bxc5 18. dxc5 Nb8 19. Qe2 Rc7 20. Bd4 Qe8 21. g4
g6 22. Kh1 Rff7 23. gxf5 gxf5 24. Qh5 Qf8 25. Bxf5 Rxf5 26. Rxf5 exf5 27. e6
Rg7 28. Bxg7 Kxg7 29. Qg5+ Kh8 30. e7 Qf7 31. Rg1 1-0

[Event "10. Open Internacional de Galapagar"]
[Site "Galapagar ESP"]
[Date "2009.07.24"]
[Round "7.23"]
[White "Saiz Lopez, Antonio"]
[Black "Serrano Martinez, Francisco Jose"]
[Result "1/2-1/2"]
[WhiteElo "1908"]
[BlackElo "1970"]
[PlyCount "38"]
[EventDate "2009.07.18"]
[EventType "swiss"]
[EventRounds "9"]
[EventCountry "ESP"]
[Source "lmi"]
[SourceDate "2009.07.18"]

1. d4 Nf6 2. Nf3 g6 3. g3 Bg7 4. Bg2 O-O 5. c4 d6 6. Nc3 Nbd7 7. O-O c5 8. h3
cxd4 9. Nxd4 Ne5 10. b3 Rb8 11. Be3 Qa5 12. Rc1 Bd7 13. Qd2 Rfe8 14. Rfd1 Nc6
15. Nd5 Qxd2 16. Rxd2 Nxd5 17. Nxc6 bxc6 18. cxd5 c5 19. Rdc2 a5 1/2-1/2

[Event "10. Open Internacional de Galapagar"]
[Site "Galapagar ESP"]
[Date "2009.07.24"]
[Round "7.24"]
[White "Ruiz de Alegria Madariaga, Carlos"]
[Black "Valderrama Arroyo, Victor"]
[Result "1-0"]
[WhiteElo "1965"]
[BlackElo "1882"]
[PlyCount "48"]
[EventDate "2009.07.18"]
[EventType "swiss"]
[EventRounds "9"]
[EventCountry "ESP"]
[Source "lmi"]
[SourceDate "2009.07.18"]

1. Nf3 Nf6 2. d4 e6 3. g3 b6 4. Bg2 Bb7 5. O-O Be7 6. c4 O-O 7. Nc3 d5 8. Ne5
Nbd7 9. Bg5 h6 10. Bxf6 Nxf6 11. f4 Ne4 12. Qc2 f5 13. Rad1 c5 14. Nxe4 fxe4
15. dxc5 Bxc5+ 16. Kh1 Qc7 17. cxd5 exd5 18. Qb3 Kh7 19. Rxd5 Bxd5 20. Qxd5
Rfd8 21. Bxe4+ g6 22. Qe6 Rd6 23. Bxg6+ Kg7 24. Qg4 Qb7+ 1-0

[Event "10. Open Internacional de Galapagar"]
[Site "Galapagar ESP"]
[Date "2009.07.24"]
[Round "7.25"]
[White "Baeza Escudero, Javier"]
[Black "De Armentia Roldan, Benigno"]
[Result "0-1"]
[WhiteElo "1946"]
[BlackElo "1860"]
[PlyCount "72"]
[EventDate "2009.07.18"]
[EventType "swiss"]
[EventRounds "9"]
[EventCountry "ESP"]
[Source "lmi"]
[SourceDate "2009.07.18"]

1. e4 c5 2. Nf3 Nc6 3. d4 cxd4 4. Nxd4 Qc7 5. Nc3 e6 6. Be3 a6 7. Qd2 Nf6 8. f3
Bb4 9. a3 Ba5 10. Nb3 Bb6 11. O-O-O Bxe3 12. Qxe3 b5 13. g4 Bb7 14. g5 Nh5 15.
Nd5 exd5 16. exd5+ Qe5 17. Re1 O-O 18. dxc6 Qxe3+ 19. Rxe3 Bxc6 20. Bd3 Nf4 21.
Nd4 Rae8 22. Be4 Ng2 23. Re2 Nf4 24. Ree1 Ng2 25. Reg1 Nf4 26. Bxc6 dxc6 27.
Rd1 Ne2+ 28. Nxe2 Rxe2 29. Rhe1 Rxh2 30. Rd6 h5 31. Rxc6 Ra8 32. c4 bxc4 33.
Rxc4 Rf2 34. f4 Rb8 35. b4 Ra2 36. Rc3 Ra1+ 0-1

[Event "10. Open Internacional de Galapagar"]
[Site "Galapagar ESP"]
[Date "2009.07.24"]
[Round "7.26"]
[White "Suarez Paz, Alfonso"]
[Black "Cuadrado Lopez, Francisco Javier"]
[Result "0-1"]
[WhiteElo "1903"]
[BlackElo "1937"]
[PlyCount "80"]
[EventDate "2009.07.18"]
[EventType "swiss"]
[EventRounds "9"]
[EventCountry "ESP"]
[Source "lmi"]
[SourceDate "2009.07.18"]

1. e4 d6 2. f4 g6 3. Nf3 Bg7 4. d4 c6 5. Be2 Nf6 6. Nc3 O-O 7. h3 b5 8. a3 Nbd7
9. g4 Nb6 10. Be3 d5 11. e5 Ne4 12. Nxe4 dxe4 13. Ng5 Nd5 14. Qd2 f5 15. exf6
exf6 16. Nxh7 Kxh7 17. O-O-O f5 18. g5 Be6 19. h4 Rh8 20. h5 Kg8 21. hxg6 Rxh1
22. Rxh1 Kf8 23. c4 Nxe3 24. Qxe3 Qxd4 25. Qxd4 Bxd4 26. cxb5 cxb5 27. Bxb5
Rc8+ 28. Kb1 Rb8 29. a4 a6 30. Bxa6 Rxb2+ 31. Kc1 Ra2 32. Rh7 Rxa4 33. Bb5 Ra7
34. Rh6 Bg7 35. Rh3 Rc7+ 36. Kd1 Rb7 37. Bc6 Rb6 38. Ba8 Rd6+ 39. Ke1 Bd7 40.
Rb3 Rxg6 0-1

[Event "10. Open Internacional de Galapagar"]
[Site "Galapagar ESP"]
[Date "2009.07.24"]
[Round "7.27"]
[White "Gonzalo Gonzalez, Francisco"]
[Black "Lopez Heras, Arturo"]
[Result "0-1"]
[WhiteElo "1853"]
[BlackElo "1931"]
[PlyCount "110"]
[EventDate "2009.07.18"]
[EventType "swiss"]
[EventRounds "9"]
[EventCountry "ESP"]
[Source "lmi"]
[SourceDate "2009.07.18"]

1. e4 e5 2. Nf3 Nc6 3. Bc4 Bc5 4. c3 Nf6 5. d4 exd4 6. cxd4 Bb4+ 7. Bd2 Bxd2+
8. Nbxd2 O-O 9. e5 d5 10. exf6 dxc4 11. fxg7 Re8+ 12. Kf1 Nxd4 13. Nxc4 Nxf3
14. Qxf3 Qd4 15. Qc3 Qxc3 16. bxc3 Bf5 17. Ne3 Bd3+ 18. Kg1 Rad8 19. h4 Kxg7
20. h5 Be4 21. Rh4 Kh8 22. Rf4 Kg7 23. g4 Rd6 24. Re1 Rde6 25. f3 Bd3 26. Kf2
c5 27. g5 R8e7 28. Rg4 Kf8 29. f4 Rb6 30. Nd1 Rxe1 31. Kxe1 Re6+ 32. Kd2 Bc4
33. a4 Re2+ 34. Kc1 Rh2 35. h6 Bb3 36. Ne3 Bxa4 37. f5 Bc6 38. Rf4 Re2 39. Nc2
Kg8 40. f6 Rg2 41. Rf5 Rxc2+ 42. Kd1 Rxc3 43. Re5 c4 44. Kd2 Rd3+ 45. Ke2 Rd5
46. Re7 Rxg5 47. Ke3 Rd5 48. Kf4 c3 49. Re3 Rc5 50. Rg3+ Kf8 51. Rg1 c2 52. Rc1
Ba4 53. Ke4 b5 54. Kd4 Rc6 55. Ke5 b4 0-1

[Event "10. Open Internacional de Galapagar"]
[Site "Galapagar ESP"]
[Date "2009.07.24"]
[Round "7.30"]
[White "Lopez de Turiso, Jose Angel"]
[Black "Leniz Martinez, Francisco"]
[Result "1-0"]
[WhiteElo "2087"]
[BlackElo "1883"]
[PlyCount "65"]
[EventDate "2009.07.18"]
[EventType "swiss"]
[EventRounds "9"]
[EventCountry "ESP"]
[Source "lmi"]
[SourceDate "2009.07.18"]

1. d4 d5 2. c4 c6 3. cxd5 cxd5 4. Nc3 Nf6 5. Bg5 e6 6. e3 Be7 7. Bd3 Nbd7 8.
Qc2 a6 9. f4 Ng4 10. Bxe7 Qxe7 11. Qe2 h5 12. Nf3 g6 13. h3 Ngf6 14. O-O-O Nb6
15. Ne5 Rh6 16. g4 Nfd7 17. gxh5 Nxe5 18. fxe5 Rxh5 19. Rdf1 Bd7 20. Kb1 Kd8
21. Rf3 Be8 22. Rc1 Rh8 23. Qc2 Rc8 24. b3 Qd7 25. Qd2 Qc7 26. Ne2 Qd7 27. Rff1
Rxh3 28. Qa5 Rxe3 29. Qxb6+ Rc7 30. Rc3 Kc8 31. Rfc1 Rxc3 32. Rxc3+ Kb8 33. Bb5
1-0

[Event "10. Open Internacional de Galapagar"]
[Site "Galapagar ESP"]
[Date "2009.07.24"]
[Round "7.32"]
[White "Andalon Gomez, Carlos J"]
[Black "Nieto Esteban, Manuel"]
[Result "1-0"]
[WhiteElo "2012"]
[BlackElo "1809"]
[PlyCount "47"]
[EventDate "2009.07.18"]
[EventType "swiss"]
[EventRounds "9"]
[EventCountry "ESP"]
[Source "lmi"]
[SourceDate "2009.07.18"]

1. d4 d5 2. c4 c6 3. Nc3 Nf6 4. Bg5 e6 5. e3 Bb4 6. cxd5 exd5 7. Qc2 Bg4 8. Bd3
h6 9. Bh4 Nbd7 10. f3 Be6 11. Nge2 a6 12. O-O Qc7 13. e4 dxe4 14. fxe4 Be7 15.
Nf4 Nb6 16. Nxe6 fxe6 17. Qb3 Kd7 18. d5 cxd5 19. Bxf6 Bxf6 20. exd5 Qc5+ 21.
Kh1 Nxd5 22. Nxd5 exd5 23. Rac1 Qd4 24. Qxb7+ 1-0

[Event "10. Open Internacional de Galapagar"]
[Site "Galapagar ESP"]
[Date "2009.07.24"]
[Round "7.33"]
[White "Guisado Gomez, Francisco"]
[Black "Fernandez Garcia, Ignacio"]
[Result "0-1"]
[WhiteElo "1799"]
[BlackElo "1958"]
[PlyCount "40"]
[EventDate "2009.07.18"]
[EventType "swiss"]
[EventRounds "9"]
[EventCountry "ESP"]
[Source "lmi"]
[SourceDate "2009.07.18"]

1. d4 c5 2. d5 d6 3. c4 g6 4. Nc3 Bg7 5. e4 a6 6. Be3 Nf6 7. f3 O-O 8. Bd3 b5
9. cxb5 axb5 10. Bxb5 Qa5 11. Qd3 Nbd7 12. Bxd7 Nxd7 13. Nge2 Ba6 14. Qd2 Ne5
15. Bf2 Nd3+ 16. Kf1 e6 17. Kg1 exd5 18. exd5 Rfe8 19. Ng3 Nxf2 20. Kxf2 Bd4+
0-1

[Event "10. Open Internacional de Galapagar"]
[Site "Galapagar ESP"]
[Date "2009.07.24"]
[Round "7.35"]
[White "Beltran de Heredia y Alonso, Miguel"]
[Black "Diaz Begonte, Manuel"]
[Result "1-0"]
[WhiteElo "1931"]
[BlackElo "1782"]
[PlyCount "81"]
[EventDate "2009.07.18"]
[EventType "swiss"]
[EventRounds "9"]
[EventCountry "ESP"]
[Source "lmi"]
[SourceDate "2009.07.18"]

1. d4 d5 2. c4 c6 3. cxd5 cxd5 4. Nc3 e6 5. Nf3 Nf6 6. Bg5 Be7 7. e3 Nbd7 8.
Rc1 h6 9. Bh4 O-O 10. Bd3 a6 11. O-O b5 12. Bb1 Nh7 13. Qd3 f5 14. Bg3 Nhf6 15.
Ne2 Ne4 16. Bc7 Qe8 17. Nf4 Bd6 18. Bxd6 Nxd6 19. Rc6 Ne4 20. Rxe6 Qf7 21. Rg6
Re8 22. Rc1 Bb7 23. Nh4 Nf8 24. Rb6 Rac8 25. Re1 Qc7 26. Rxb7 Qxb7 27. Nxf5 Qf7
28. Ng3 g5 29. Nh3 Re6 30. a3 Ng6 31. Ba2 Ne7 32. Nxe4 dxe4 33. Qd2 Qf5 34.
Bxe6+ Qxe6 35. Rc1 Rc4 36. Rxc4 Qxc4 37. f3 Qd3 38. Qxd3 exd3 39. Nf2 d2 40.
Kf1 Nd5 41. Ke2 1-0

[Event "10. Open Internacional de Galapagar"]
[Site "Galapagar ESP"]
[Date "2009.07.24"]
[Round "7.40"]
[White "Ledo Galan, Jose Emilio"]
[Black "Garcia Burguillo, Javier"]
[Result "1-0"]
[WhiteElo "1969"]
[BlackElo "1702"]
[PlyCount "91"]
[EventDate "2009.07.18"]
[EventType "swiss"]
[EventRounds "9"]
[EventCountry "ESP"]
[Source "lmi"]
[SourceDate "2009.07.18"]

1. d4 Nf6 2. c4 e5 3. dxe5 Ng4 4. Nf3 Bc5 5. e3 Nc6 6. Be2 Ngxe5 7. Nxe5 Nxe5
8. Nc3 d6 9. a3 a6 10. b4 Ba7 11. Bb2 Bf5 12. O-O O-O 13. Nd5 Be6 14. Rc1 Ng6
15. Qc2 Ne7 16. Qc3 f6 17. Nf4 Bf5 18. Bf3 Rb8 19. Rfd1 Qc8 20. Nd5 Nxd5 21.
cxd5 Rf7 22. h3 Qd7 23. e4 Bg6 24. Qc2 Re7 25. Bg4 Qd8 26. Be6+ Bf7 27. Bf5 Bg6
28. Re1 Bxf5 29. exf5 Rc8 30. Re6 Rxe6 31. dxe6 Qe7 32. Qe4 c6 33. Rc3 d5 34.
Qh4 Bb8 35. f4 Ba7+ 36. Kh1 Bd4 37. Rc2 Bxb2 38. Rxb2 Rd8 39. Qf2 Qd6 40. Qd4
Kf8 41. Re2 Ke7 42. g4 Rb8 43. g5 Rg8 44. Rg2 Qd8 45. gxf6+ gxf6 46. Qc5+ 1-0

[Event "10. Open Internacional de Galapagar"]
[Site "Galapagar ESP"]
[Date "2009.07.25"]
[Round "8.3"]
[White "Prada Lopez, Miguel Angel"]
[Black "Ortiz Suarez, Isam"]
[Result "0-1"]
[WhiteElo "2151"]
[BlackElo "2504"]
[PlyCount "66"]
[EventDate "2009.07.18"]
[EventType "swiss"]
[EventRounds "9"]
[EventCountry "ESP"]
[Source "lmi"]
[SourceDate "2009.07.18"]

1. Nf3 c5 2. g3 Nc6 3. Bg2 g6 4. O-O Bg7 5. d3 e5 6. e4 Nge7 7. c3 O-O 8. a3 a5
9. a4 d5 10. Na3 h6 11. Nb5 Be6 12. Re1 Qd7 13. Nd2 Rad8 14. Qc2 d4 15. Bf1 f5
16. c4 f4 17. Qd1 Nb4 18. f3 h5 19. Nb3 b6 20. Bd2 Nec6 21. Nc1 Bh6 22. Bg2 Kh7
23. Ra3 Rf7 24. Na2 Na6 25. Rb3 Rg8 26. Kh1 g5 27. Rg1 Nab4 28. Nc1 g4 29. Be1
fxg3 30. Bxg3 gxf3 31. Bxf3 Rxf3 32. Qxf3 Bg4 33. Qg2 Rf8 0-1

[Event "10. Open Internacional de Galapagar"]
[Site "Galapagar ESP"]
[Date "2009.07.25"]
[Round "8.6"]
[White "Roa Alonso, Santiago"]
[Black "Castano Vanegas, Henry Augusto"]
[Result "0-1"]
[WhiteElo "2445"]
[BlackElo "2237"]
[PlyCount "49"]
[EventDate "2009.07.18"]
[EventType "swiss"]
[EventRounds "9"]
[EventCountry "ESP"]
[Source "lmi"]
[SourceDate "2009.07.18"]

1. e4 e5 2. Nf3 Nc6 3. Bc4 Nf6 4. d3 Be7 5. Bb3 O-O 6. Nbd2 d6 7. c3 d5 8. h3
b5 9. O-O a5 10. exd5 Nxd5 11. a4 b4 12. Re1 bxc3 13. bxc3 Nxc3 14. Qc2 Bb4 15.
Ne4 Nd4 16. Nxd4 exd4 17. Bg5 Qd7 18. Bd2 Bb7 19. f3 Bd5 20. Nxc3 dxc3 21. Bxc3
Bxb3 22. Qxb3 Qxd3 23. Rec1 Rfe8 24. Qa2 Qe3+ 25. Kf1 0-1

[Event "10. Open Internacional de Galapagar"]
[Site "Galapagar ESP"]
[Date "2009.07.25"]
[Round "8.7"]
[White "Perez Gonzalez, Jose Manuel"]
[Black "Adan Bermudez, Sergio"]
[Result "1-0"]
[WhiteElo "2307"]
[BlackElo "2265"]
[PlyCount "57"]
[EventDate "2009.07.18"]
[EventType "swiss"]
[EventRounds "9"]
[EventCountry "ESP"]
[Source "lmi"]
[SourceDate "2009.07.18"]

1. e4 c5 2. Nf3 d6 3. d4 cxd4 4. Nxd4 Nf6 5. Nc3 e6 6. Bc4 Be7 7. Be3 O-O 8.
Bb3 Na6 9. f4 Nc5 10. Qf3 Qa5 11. O-O a6 12. g4 Qc7 13. g5 Nfd7 14. f5 Ne5 15.
Qg2 Nxb3 16. axb3 Re8 17. Rf4 Qd8 18. Rh4 Bd7 19. Kh1 g6 20. f6 Bf8 21. Rf1 Nc6
22. Qh3 h5 23. Nxc6 Bxc6 24. Rxh5 gxh5 25. Qxh5 Qa5 26. Rf4 Bg7 27. fxg7 f5 28.
Rh4 Kxg7 29. Qh6+ 1-0

[Event "10. Open Internacional de Galapagar"]
[Site "Galapagar ESP"]
[Date "2009.07.25"]
[Round "8.8"]
[White "Fernandez Blazquez, Diego"]
[Black "Sanchez Gonzalez, Sergio"]
[Result "0-1"]
[WhiteElo "2108"]
[BlackElo "2305"]
[PlyCount "52"]
[EventDate "2009.07.18"]
[EventType "swiss"]
[EventRounds "9"]
[EventCountry "ESP"]
[Source "lmi"]
[SourceDate "2009.07.18"]

1. d4 Nf6 2. g3 e6 3. Bg2 d5 4. c4 c6 5. Nf3 Nbd7 6. Nbd2 Be7 7. O-O O-O 8. Qc2
c5 9. Rd1 Qc7 10. cxd5 exd5 11. e4 dxe4 12. Nxe4 Nxe4 13. Qxe4 Nf6 14. Qc2 Bg4
15. Bf4 Qb6 16. Re1 Rfe8 17. dxc5 Bxc5 18. Rxe8+ Rxe8 19. Ne5 Bd4 20. Nxg4 Nxg4
21. Rf1 Qb5 22. h3 Nxf2 23. Rxf2 Qe2 24. Kh2 Bxf2 25. Qxe2 Rxe2 26. Bc1 Rc2 0-1

[Event "10. Open Internacional de Galapagar"]
[Site "Galapagar ESP"]
[Date "2009.07.25"]
[Round "8.9"]
[White "Longa Yauca, Javier"]
[Black "Lorite Cruz, Francisco"]
[Result "1-0"]
[WhiteElo "2293"]
[BlackElo "2084"]
[PlyCount "63"]
[EventDate "2009.07.18"]
[EventType "swiss"]
[EventRounds "9"]
[EventCountry "ESP"]
[Source "lmi"]
[SourceDate "2009.07.18"]

1. d4 Nf6 2. c4 e5 3. dxe5 Ng4 4. e4 Nxe5 5. f4 Ng6 6. Be3 Bb4+ 7. Nd2 Qe7 8.
Qf3 Nc6 9. O-O-O Bc5 10. Bxc5 Qxc5 11. Nb3 Qe7 12. Ne2 a5 13. Nc3 a4 14. Nd4 a3
15. b3 Nxd4 16. Rxd4 c6 17. e5 O-O 18. Bd3 f6 19. Bxg6 hxg6 20. Qg3 Ra5 21. Re1
g5 22. fxg5 Rxe5 23. Rde4 d6 24. gxf6 Qxf6 25. Rxe5 dxe5 26. Rxe5 Qh6+ 27. Rg5
Rf1+ 28. Kd2 Qf6 29. Re5 Bg4 30. Ne4 Qd8+ 31. Kc3 Bf5 32. Re8+ 1-0

[Event "10. Open Internacional de Galapagar"]
[Site "Galapagar ESP"]
[Date "2009.07.25"]
[Round "8.10"]
[White "Semprun Martinez, Fernando"]
[Black "Pascual Palomo, Lucia"]
[Result "0-1"]
[WhiteElo "2179"]
[BlackElo "2116"]
[PlyCount "58"]
[EventDate "2009.07.18"]
[EventType "swiss"]
[EventRounds "9"]
[EventCountry "ESP"]
[Source "lmi"]
[SourceDate "2009.07.18"]

1. e4 e6 2. d4 d5 3. Nc3 Nf6 4. e5 Nfd7 5. f4 c5 6. Nf3 Nc6 7. Be3 cxd4 8. Nxd4
Bc5 9. Qd2 a6 10. O-O-O O-O 11. Qf2 Bxd4 12. Bxd4 b5 13. Bd3 b4 14. Na4 Nxd4
15. Qxd4 a5 16. Nc5 Nxc5 17. Qxc5 Ba6 18. Kb1 Qb8 19. Qd4 a4 20. f5 Bxd3 21.
cxd3 exf5 22. Qxd5 Rd8 23. Qc5 Qb7 24. Qf2 a3 25. b3 Qd5 26. d4 Rac8 27. Rc1
Qe4+ 28. Ka1 Rc3 29. Rhe1 Rxd4 0-1

[Event "10. Open Internacional de Galapagar"]
[Site "Galapagar ESP"]
[Date "2009.07.25"]
[Round "8.12"]
[White "Salcedo Tornero, Pablo"]
[Black "Ruiz de Alegria Madariaga, Carlos"]
[Result "1-0"]
[WhiteElo "2163"]
[BlackElo "1965"]
[PlyCount "69"]
[EventDate "2009.07.18"]
[EventType "swiss"]
[EventRounds "9"]
[EventCountry "ESP"]
[Source "lmi"]
[SourceDate "2009.07.18"]

1. e4 e5 2. Nf3 Nc6 3. Bb5 a6 4. Ba4 Nf6 5. d3 d6 6. c3 Be7 7. Nbd2 O-O 8. Nf1
d5 9. Qe2 dxe4 10. dxe4 b5 11. Bc2 Be6 12. Ne3 Ng4 13. O-O Nxe3 14. Qxe3 f6 15.
Nh4 Bd6 16. Nf5 Bxf5 17. exf5 Na5 18. Be4 Rb8 19. Rd1 Kh8 20. b3 Qe7 21. Qa7
Bc5 22. Qxa6 Rfd8 23. Bb2 Bb6 24. Rxd8+ Rxd8 25. Rf1 h6 26. Qxb5 Rd2 27. Bc1
Rxa2 28. b4 Nb3 29. Be3 Qd8 30. Bd5 Rb2 31. Bxb6 cxb6 32. Rd1 Rd2 33. Rxd2 Nxd2
34. Qd3 Nb1 35. c4 1-0